PRÁCE S RODIČI, PATRONEM A VEŘEJNOSTÍ

Bibliographic Details
Main Author: Nápravníková, V. (Author)
Format: Article
Language:Czech

MARC

LEADER 00000nab a2200000uu 4500
001 vtls011141429
003 SK-MaSNL
005 20260303111016.0
008 230121|1955 xo |||||||||||||||||cze|
015 |a SNBRB 
035 |a (urnnbn)urn:nbn:sk:snk:ar-008che 
035 |a (uuid)5b4a4eed-3f04-4ffe-b758-20b1509183a2 
035 |a urn:nbn:sk:snk-abat52 
040 |a SNKBUCL  |b slo  |c SNKBUCL  |e AACR2 
041 0 |a cze 
044 |a xo  |c SK 
100 1 |a Nápravníková, V.  |4 aut  |9 1123211 
245 1 0 |a PRÁCE S RODIČI, PATRONEM A VEŘEJNOSTÍ  |c V. Nápravníková 
773 0 |t Předškolní výchova  |g Roč. 9, č. 4 (1955), s. 137-139 
954 |a odborná, vedecká literatúra cudzojazyčná (svetová)  |2 lita 
958 |a OND 
958 |a EUIPO 
958 |a article14 
999 |c 1874358  |d 1876288